Islam, Kurds and the Turkish nation state

Saved in:
Bibliographic Details
Main Author: Houston, Christopher
Format: Book
Language:English
Published: Oxford : Berg, 2001
Subjects:
Tags: Add Tag
No Tags, Be the first to tag this record!

MARC

LEADER 00000nam a2200000 i 4500
001 1/31218
008 030129s2001 eng d
020 |a 1-85973-477-4 
035 |l 10069119 
040 |a GR-MY-UA  |b gre  |e aacr 
041 0 |a eng 
082 0 |a 956.103 
100 1 |a Houston, Christopher. 
245 1 0 |a Islam, Kurds and the Turkish nation state /  |c Christopher Houston 
260 |a Oxford :   |b Berg,   |c 2001 
300 |a 215 σ.;  |c 23 εκ. 
504 |a Περιέχει βιβλιογραφία και ευρετήριο 
650 0 0 |a Kurds  |x Politics and government  |y 20th century. 
650 0 0 |a Kurds  |z Turkey  |x Religion. 
650 0 0 |a Islam and politics  |z Turkey. 
651 0 |a Turkey  |x Ethnic relations  |x Political aspects. 
651 0 |a Turkey  |x Politics and government  |y 1980- 
852 |a INST  |b LESVOS  |e 20030129  |h 956.103 HOU  |p 005100024620  |q 005100024620  |t BK  |y 0 
901 |a BIBL1-2003-2 
909 |a Λ  |b 103122 
922 |a 1ΕΛΗ  |b 200212  |c ΕΠΕΑΕΚ2/ΤΚΑ  |d ΠΑΠΑΣΩΤΗΡΙΟΥ & ΕΛΕΥΘΕΡΟΥΔΑΚΗΣ 
950 |a 117-2002-09-19 
970 |a ΚΑΜΑΤΣΟΥ  |b ΔΕΣΠΟΙΝΑ  |z 2003/06/02